000 00512cam a2200205 4500
001 1237608
005 20180307091808.0
008 710708s1971 nyua 001 0 eng
010 _a 70146674
020 _a0471969001
040 _aDLC
_cDLC
_dDLC
041 _aeng
080 _a576 wye
082 0 0 _a576 wye
100 1 _a11
101 _abio
245 1 0 _aMicroorganisms and man
_c[by] Orville Wyss [and] Curtis Eklund.
906 _a7
_bcbc
_corignew
_d2
_encip
_f19
_gy-gencatlg
942 _2ddc
_cBK
999 _c44342
_d44342